00291 a2200121 4500001000700000020000600007040001100013100002300024240005500047245005000102300000800152362000900160192460 a  cMagnum aAudy, Jorge Kotick10aJogos 360°: guia de jogos para facilitadoreslpor10aJogos 360°: guia de jogos para facilitadores a1440 a2015